[Event "GER Cup final"]
[Site "Magdeburg"]
[Date "2020.08.22"]
[Round "5"]
[White "Schroeder, Torsten"]
[Black "Schwab, Thomas"]
[Result "0-1"]
[WhiteElo "2164"]
[BlackElo "2004"]
[PlyCount "114"]
[EventDate "2020.08.20"]
[EventType "swiss"]
[EventRounds "5"]
[EventCountry "GER"]
[SourceTitle "EXT 2022"]
[Source "ChessBase"]
[SourceDate "2021.10.06"]
[SourceVersion "1"]
[SourceVersionDate "2021.10.06"]
[SourceQuality "1"]

1. d4 Nf6 2. c4 g6 3. Nc3 d5 4. Nf3 Bg7 5. Qb3 dxc4 6. Qxc4 Be6 7. Qb5+ Bd7 8. Qxb7 Nc6 9. Qb3 Rb8 10. Qd1 Bf5 11. a3 0-0 12. e3 e5 13. Nxe5 Nxe5 14. dxe5 Ne4 15. Qxd8 Rfxd8 16. Nxe4 Bxe4 17. f4 a5 18. Bd2 Rxb2 19. Bxa5 Rc2 20. Be2 Bxg2 21. Rg1 Be4 22. Bd1 Rxh2 23. Be2 Rb8 24. Rd1 Bf8 25. Bxc7 Rb2 26. Bf1 Bf3 27. Ra1 Bc5 28. e6 fxe6 29. Bc4 Bxe3 30. f5 Bxg1 31. Bxe6+ Kf8 32. Bd6+ Ke8 33. Bxh2 Bxh2 34. Kf1 Rg2 35. fxg6 hxg6 36. Ra2 Rxa2 37. Bxa2 Bg3 38. Bc4 Kd7 39. Bd3 g5 40. a4 Kc6 41. a5 Kb7 42. Bc4 Ka7 43. a6 Bg4 44. Kg2 Bf4 45. Bd3 Bc8 46. Kf3 Bxa6 47. Bf5 Kb6 48. Be6 Kc5 49. Ke4 Bb7+ 50. Kf5 Kd4 51. Kg4 Ke3 52. Bd7 Bf3+ 53. Kh3 Be5 54. Be6 Kf4 55. Kh2 Bd4 56. Bc4 g4 57. Bf1 Be3 0-1

[Event "SVR-ch MTB"]
[Site "Lahnstein"]
[Date "2019.04.14"]
[Round "3"]
[White "Schwab, Thomas"]
[Black "Buhr, Patrick"]
[Result "1/2-1/2"]
[WhiteElo "2015"]
[BlackElo "1814"]
[PlyCount "39"]
[EventDate "2019.04.13"]
[EventType "tourn"]
[EventRounds "7"]
[EventCountry "GER"]
[SourceTitle "EXT 2021"]
[Source "ChessBase"]
[SourceDate "2020.10.23"]
[SourceVersion "1"]
[SourceVersionDate "2020.10.23"]
[SourceQuality "1"]

1. e4 Nf6 2. e5 Nd5 3. d4 d6 4. Nf3 Bg4 5. Be2 e6 6. 0-0 Be7 7. c4 Nb6 8. Nc3 Nc6 9. exd6 cxd6 10. d5 exd5 11. Nxd5 Nxd5 12. cxd5 Bxf3 13. Bxf3 Ne5 14. Be2 0-0 15. Be3 a6 16. f4 Nd7 17. Rc1 Re8 18. Bf3 Bf6 19. Bd4 Rc8 20. Rxc8 1/2-1/2

[Event "SVR-ch MT-B"]
[Site "Hennweiler"]
[Date "2018.03.29"]
[Round "5"]
[White "Schwab, Thomas"]
[Black "Ley, Sabrina"]
[Result "0-1"]
[WhiteElo "1997"]
[BlackElo "1849"]
[PlyCount "98"]
[EventDate "2018.03.24"]
[EventType "tourn"]
[EventRounds "7"]
[EventCountry "GER"]
[SourceTitle "EXT 2020"]
[Source "ChessBase"]
[SourceDate "2019.10.17"]
[SourceVersion "1"]
[SourceVersionDate "2019.10.17"]
[SourceQuality "1"]

1. e4 c5 2. c3 g6 3. d4 cxd4 4. cxd4 d6 5. Nc3 Nc6 6. h3 Bg7 7. Nf3 Nf6 8. Be3 0-0 9. Be2 a6 10. a4 Nd7 11. 0-0 h6 12. Qd2 Kh7 13. Rab1 e5 14. b4 f5 15. dxe5 dxe5 16. Rfd1 Qe8 17. Qc1 f4 18. Bd2 Nd4 19. Nxd4 exd4 20. Nd5 Qxe4 21. Bf3 Qf5 22. Re1 Nf6 23. Nxf4 Bd7 24. g4 Nxg4 25. hxg4 Qf6 26. Be4 Bxg4 27. Qa3 Bf5 28. Qg3 Rae8 29. Nd5 Qf7 30. Bg2 Bxb1 31. Rxb1 Re2 32. Bf4 Qf5 33. Rd1 g5 34. Bd6 Qxf2+ 35. Kh2 Qxg2+ 36. Qxg2 Rxg2+ 37. Kxg2 Rd8 38. Bc5 Rxd5 39. Kf3 Kg6 40. Re1 Rf5+ 41. Kg2 Re5 42. Rf1 Re4 43. Rc1 h5 44. Bd6 Re6 45. Bg3 Rc6 46. Rb1 Rc2+ 47. Kf3 d3 48. Rb3 Rc3 49. Rb1 d2+ 0-1

[Event "SVR-ch MT-B"]
[Site "Hennweiler"]
[Date "2018.03.24"]
[Round "2"]
[White "Buhr, Patrick"]
[Black "Schwab, Thomas"]
[Result "0-1"]
[WhiteElo "1785"]
[BlackElo "1997"]
[PlyCount "38"]
[EventDate "2018.03.24"]
[EventType "tourn"]
[EventRounds "7"]
[EventCountry "GER"]
[SourceTitle "EXT 2020"]
[Source "ChessBase"]
[SourceDate "2019.10.17"]
[SourceVersion "1"]
[SourceVersionDate "2019.10.17"]
[SourceQuality "1"]

1. c4 Nf6 2. g3 d5 3. cxd5 Nxd5 4. Nc3 Nxc3 5. bxc3 g6 6. Bg2 Bg7 7. Rb1 Nd7 8. Nf3 0-0 9. Ba3 Nb6 10. Qc2 Nc4 11. Bc1 c5 12. 0-0 Qc7 13. d3 Nd6 14. Bf4 Re8 15. Ne5 Rb8 16. Qb3 Be6 17. Bd5 Bxd5 18. Qxd5 a6 19. Qf3 g5 0-1

[Event "SVR-ch MT-B"]
[Site "Hennweiler"]
[Date "2018.03.24"]
[Round "1"]
[White "Zirwes, Hans Juergen"]
[Black "Schwab, Thomas"]
[Result "0-1"]
[WhiteElo "1871"]
[BlackElo "1997"]
[PlyCount "32"]
[EventDate "2018.03.24"]
[EventType "tourn"]
[EventRounds "7"]
[EventCountry "GER"]
[SourceTitle "EXT 2020"]
[Source "ChessBase"]
[SourceDate "2019.10.17"]
[SourceVersion "1"]
[SourceVersionDate "2019.10.17"]
[SourceQuality "1"]

1. d4 Nf6 2. Nf3 g6 3. Bf4 Bg7 4. Nc3 d5 5. e3 0-0 6. Nb5 Na6 7. c4 c5 8. Nc3 Qa5 9. Qd2 Nb4 10. cxd5 Bf5 11. Rc1 Nbxd5 12. Nxd5 Qxd2+ 13. Nxd2 Nxd5 14. Bg3 Nb4 15. Rxc5 Rac8 16. Rb5 Rc1+ 0-1

[Event "SVR-ch MT-B"]
[Site "Heimbach Weis"]
[Date "2017.04.13"]
[Round "6"]
[White "Froembgen, Wolfgang"]
[Black "Schwab, Thomas"]
[Result "1/2-1/2"]
[WhiteElo "2016"]
[BlackElo "1983"]
[PlyCount "58"]
[EventDate "2017.04.07"]
[EventType "tourn"]
[EventRounds "9"]
[EventCountry "GER"]
[SourceTitle "EXT 2020"]
[Source "ChessBase"]
[SourceDate "2019.10.17"]
[SourceVersion "1"]
[SourceVersionDate "2019.10.17"]
[SourceQuality "1"]

1. e4 c5 2. Nf3 d6 3. d4 cxd4 4. Nxd4 Nf6 5. Nc3 g6 6. Be2 Bg7 7. 0-0 a6 8. Be3 Nbd7 9. a4 b6 10. Nd5 Bb7 11. Nxf6+ Nxf6 12. f3 0-0 13. c4 e6 14. Qd2 d5 15. cxd5 exd5 16. e5 Nd7 17. f4 Nc5 18. a5 f6 19. b4 fxe5 20. bxc5 exd4 21. Bxd4 Bxd4+ 22. Qxd4 Qe7 23. c6 Bxc6 24. Qxb6 Qxe2 25. Qxc6 Qe3+ 26. Kh1 Rad8 27. Qxa6 Rxf4 28. Rxf4 Qxf4 29. Rf1 Qe5 1/2-1/2

[Event "SVR-ch MTB"]
[Site "Trier"]
[Date "2016.03.26"]
[Round "7"]
[White "Schwab, Thomas"]
[Black "Neisen, Frederick"]
[Result "1/2-1/2"]
[WhiteElo "1992"]
[BlackElo "1969"]
[PlyCount "26"]
[EventDate "2016.03.19"]
[EventType "tourn"]
[EventRounds "7"]
[EventCountry "GER"]
[SourceTitle "CBM 171 Extra"]
[Source "ChessBase"]
[SourceDate "2016.04.26"]
[SourceVersion "1"]
[SourceVersionDate "2016.04.26"]
[SourceQuality "1"]

1. e4 c6 2. Nf3 d5 3. exd5 cxd5 4. Ne5 Nf6 5. d4 g6 6. Bb5+ Nbd7 7. 0-0 Bg7 8. Re1 0-0 9. Nc3 a6 10. Bf1 Nb8 11. f3 e6 12. Bg5 Qc7 13. Na4 Nfd7 1/2-1/2

[Event "SVR-ch MTB"]
[Site "Trier"]
[Date "2016.03.25"]
[Round "6"]
[White "Hein, Ralf"]
[Black "Schwab, Thomas"]
[Result "1/2-1/2"]
[WhiteElo "1944"]
[BlackElo "1992"]
[PlyCount "60"]
[EventDate "2016.03.19"]
[EventType "tourn"]
[EventRounds "7"]
[EventCountry "GER"]
[SourceTitle "CBM 171 Extra"]
[Source "ChessBase"]
[SourceDate "2016.04.26"]
[SourceVersion "1"]
[SourceVersionDate "2016.04.26"]
[SourceQuality "1"]

1. d4 Nf6 2. c4 g6 3. Nc3 d5 4. e3 Bg7 5. Nf3 0-0 6. Be2 c5 7. dxc5 Qa5 8. cxd5 Nxd5 9. Qxd5 Bxc3+ 10. Bd2 Rd8 11. Bxc3 Qxc3+ 12. bxc3 Rxd5 13. c4 Rxc5 14. Nd4 Na6 15. 0-0 b6 16. Bf3 Rb8 17. Nb5 Bb7 18. Nxa7 Bxf3 19. gxf3 Rxc4 20. Rfc1 Rxc1+ 21. Rxc1 Nc5 22. Nc6 Rb7 23. Rb1 Kg7 24. Rb5 e6 25. Kg2 Kf8 26. a3 Ke8 27. Na5 Ra7 28. Nc4 Nd7 29. a4 Rxa4 30. Nxb6 Nxb6 1/2-1/2

[Event "SVR-ch MTB 38th"]
[Site "Nickenich"]
[Date "2015.04.04"]
[Round "9"]
[White "Becker, Wilhelm"]
[Black "Schwab, Thomas"]
[Result "1-0"]
[WhiteElo "1941"]
[BlackElo "2039"]
[PlyCount "89"]
[EventDate "2015.03.27"]
[EventType "tourn"]
[EventRounds "9"]
[EventCountry "GER"]
[SourceTitle "EXT 2016"]
[Source "ChessBase"]
[SourceDate "2015.10.08"]
[SourceVersion "1"]
[SourceVersionDate "2015.10.08"]
[SourceQuality "1"]

1. d4 Nf6 2. c4 g6 3. f3 Nc6 4. d5 Ne5 5. e4 d6 6. Nc3 Bg7 7. f4 Ned7 8. Nf3 Nc5 9. Qc2 c6 10. Be3 Qa5 11. Bd2 Qb6 12. Be3 Ng4 13. Bg1 Qa5 14. Nd2 0-0 15. h3 Nf6 16. a3 Ncxe4 17. Ncxe4 Nxe4 18. Qxe4 Bxb2 19. Ra2 Bf5 20. Qf3 Bc3 21. Bd3 e6 22. Bxf5 exf5 23. Be3 Rfe8 24. 0-0 cxd5 25. cxd5 Rac8 26. Kh1 b5 27. Qf2 Qa4 28. Nb1 a5 29. Rc1 Qe4 30. Rac2 b4 31. axb4 axb4 32. Nxc3 Rxc3 33. Rxc3 bxc3 34. Rxc3 Qxd5 35. Qd2 Qb5 36. Rd3 d5 37. Kh2 h5 38. Rxd5 Qb1 39. Rd8 Qe4 40. Rxe8+ Qxe8 41. Qd4 Qe6 42. Qd8+ Kg7 43. Bc5 h4 44. Qf8+ Kh7 45. Bd4 1-0

[Event "Bad Godesberg op 17th"]
[Site "Bad Godesberg"]
[Date "2013.08.11"]
[Round "9"]
[White "Evers, Leo"]
[Black "Schwab, Thomas"]
[Result "0-1"]
[WhiteElo "2123"]
[BlackElo "2053"]
[PlyCount "54"]
[EventDate "2013.08.03"]
[EventType "swiss"]
[EventRounds "9"]
[EventCountry "GER"]
[SourceTitle "CBM 155 Extra"]
[Source "ChessBase"]
[SourceDate "2013.08.26"]
[SourceVersion "1"]
[SourceVersionDate "2013.08.26"]
[SourceQuality "1"]

1. d4 Nf6 2. c4 g6 3. Nc3 d5 4. cxd5 Nxd5 5. Bd2 Bg7 6. e4 Nb6 7. Be3 Nc6 8. d5 Ne5 9. h3 0-0 10. Qb3 e6 11. Bc5 Re8 12. Bxb6 axb6 13. Bb5 c6 14. dxc6 bxc6 15. Rd1 Qe7 16. Be2 b5 17. Nf3 b4 18. Nb1 Nxf3+ 19. Bxf3 Ba6 20. Be2 Qa7 21. Bc4 Bxc4 22. Qxc4 Qxa2 23. Qxb4 Ra4 24. Qc5 Rxe4+ 25. Kf1 Qxb2 26. Nd2 Rd8 27. Qxc6 Red4 0-1

[Event "Bad Godesberg op 17th"]
[Site "Bad Godesberg"]
[Date "2013.08.10"]
[Round "8"]
[White "Schwab, Thomas"]
[Black "Meckel, Helmut"]
[Result "1-0"]
[WhiteElo "2053"]
[BlackElo "1867"]
[PlyCount "37"]
[EventDate "2013.08.03"]
[EventType "swiss"]
[EventRounds "9"]
[EventCountry "GER"]
[SourceTitle "CBM 155 Extra"]
[Source "ChessBase"]
[SourceDate "2013.08.26"]
[SourceVersion "1"]
[SourceVersionDate "2013.08.26"]
[SourceQuality "1"]

1. e4 e6 2. b3 d5 3. Bb2 Nf6 4. e5 Nfd7 5. Qg4 c5 6. f4 Nc6 7. Nf3 a6 8. Be2 g6 9. 0-0 c4 10. Kh1 b5 11. Nc3 Bb7 12. Ng5 Nd4 13. Nxd5 h5 14. Qh3 Nxe2 15. Nxe6 fxe6 16. Qxe6+ Be7 17. Qxg6+ Kf8 18. e6 Qe8 19. Qg7# 1-0

[Event "SVR-ch MTB 35th"]
[Site "Nickenich"]
[Date "2012.03.31"]
[Round "2"]
[White "Schwab, Thomas"]
[Black "Fink, Christian"]
[Result "0-1"]
[WhiteElo "1919"]
[BlackElo "2100"]
[PlyCount "76"]
[EventDate "2012.03.30"]
[EventType "tourn"]
[EventRounds "9"]
[EventCountry "GER"]
[SourceTitle "EXT 2013"]
[Source "ChessBase"]
[SourceDate "2012.11.22"]
[SourceVersion "1"]
[SourceVersionDate "2012.11.22"]
[SourceQuality "1"]

1. e4 c5 2. c3 Nc6 3. d4 cxd4 4. cxd4 d5 5. exd5 Qxd5 6. Nf3 e6 7. Nc3 Bb4 8. Be2 Nf6 9. 0-0 Bxc3 10. bxc3 0-0 11. c4 Qa5 12. Qb3 Rd8 13. Rd1 Ne7 14. Bg5 Bd7 15. Bxf6 gxf6 16. Qxb7 Rab8 17. Qe4 Ng6 18. Bd3 Rb2 19. h4 f5 20. Qe3 f4 21. Qc1 Rb4 22. a3 Ra4 23. Bxg6 hxg6 24. Qxf4 Be8 25. Ne5 Rxa3 26. Rxa3 Qxa3 27. Qg5 Rxd4 28. Rxd4 Qa1+ 29. Kh2 Qxd4 30. h5 Qxf2 31. Ng4 Qe2 32. Nf6+ Kf8 33. h6 Bc6 34. h7 Kg7 35. Qg3 a5 36. Qh3 Kh8 37. Ng4 a4 38. Ne3 Qh5 0-1

[Event "Bad Godesberg op 15th"]
[Site "Bad Godesberg"]
[Date "2011.07.25"]
[Round "3"]
[White "Schwab, Thomas"]
[Black "Helbig, Mark"]
[Result "0-1"]
[WhiteElo "1930"]
[BlackElo "2278"]
[PlyCount "74"]
[EventDate "2011.07.23"]
[EventType "swiss"]
[EventRounds "9"]
[EventCountry "GER"]
[SourceTitle "EXT 2017"]
[Source "ChessBase"]
[SourceDate "2016.10.25"]
[SourceVersion "1"]
[SourceVersionDate "2016.10.25"]
[SourceQuality "1"]

1. e4 c6 2. Nf3 d5 3. exd5 cxd5 4. Ne5 Nf6 5. d4 g6 6. Bb5+ Nbd7 7. 0-0 Bg7 8. Re1 0-0 9. Nc3 a6 10. Bf1 e6 11. a4 Nxe5 12. dxe5 Nd7 13. f4 b6 14. Be3 Bb7 15. Qg4 Qe7 16. Bf2 Qb4 17. Nd1 Nxe5 18. Qh4 Nc4 19. c3 Qd6 20. Bxc4 dxc4 21. Ne3 b5 22. Rad1 Qc6 23. Re2 f5 24. Qg3 Rad8 25. Rde1 Rd3 26. axb5 axb5 27. h4 e5 28. Qh2 exf4 29. Qxf4 Re8 30. Qg5 h6 31. Qf4 Re4 32. Qh2 Be5 33. g3 f4 34. Nd5 fxg3 35. Ne7+ Kh7 36. Bxg3 Rxe2 37. Nxc6 Rxe1+ 0-1